[Event "Cusco zt 2.4"]
[Site "Cusco"]
[Date "2025.02.01"]
[Round "7"]
[White "Munoz Sanchez, Miguel Angel"]
[Black "Quintiliano Pinto, Renato Rodrigues"]
[Result "1-0"]
[WhiteElo "2187"]
[BlackElo "2515"]
[PlyCount "82"]
[EventDate "2025.01.28"]
[EventType "swiss"]
[EventRounds "9"]
[EventCountry "PER"]
[SourceTitle "CB06_2025"]
[SourceDate "2025.02.05"]
[SourceVersion "1"]
[SourceVersionDate "2025.02.05"]
[SourceQuality "1"]

1. e4 c5 2. Nf3 d6 3. d4 cxd4 4. Nxd4 Nf6 5. Nc3 Nc6 6. Bg5 e6 7. Qd2 a6 8. 0-0-0 Bd7 9. f4 Be7 10. Be2 Rc8 11. Nb3 b5 12. Bf3 b4 13. Ne2 a5 14. Bxf6 gxf6 15. Nbd4 Nxd4 16. Nxd4 Qb6 17. Kb1 0-0 18. f5 e5 19. Ne2 a4 20. Qh6 b3 21. cxb3 axb3 22. a3 Rc2 23. Rd3 Kh8 24. Bh5 Qc5 25. Rxb3 Qc4 26. Rb4 Qd3 27. Ka1 Bxf5 28. Nc1 Rxc1+ 29. Rxc1 Be6 30. Rc3 Qa6 31. Bd1 Qf1 32. Rc1 Qd3 33. Bc2 Qa6 34. Bb3 d5 35. exd5 Bf5 36. d6 Qxd6 37. Rbc4 Ra8 38. R4c3 Bf8 39. Qh4 Kg7 40. Bc2 Bxc2 41. R1xc2 Kh8 1-0

[Event "Cusco zt 2.4"]
[Site "Cusco"]
[Date "2025.01.28"]
[Round "1"]
[White "Munoz Sanchez, Miguel Angel"]
[Black "Gonzales Mayta, Alvaro Sebastian"]
[Result "1-0"]
[WhiteElo "2187"]
[BlackElo "1630"]
[PlyCount "55"]
[EventDate "2025.01.28"]
[EventType "swiss"]
[EventRounds "9"]
[EventCountry "PER"]
[SourceTitle "CB06_2025"]
[SourceDate "2025.02.05"]
[SourceVersion "1"]
[SourceVersionDate "2025.02.05"]
[SourceQuality "1"]

1. d4 d5 2. Nf3 Nf6 3. c4 c6 4. g3 e6 5. Bg2 Bd6 6. 0-0 0-0 7. Nbd2 Nbd7 8. Qc2 e5 9. cxd5 Nxd5 10. Nc4 Qe7 11. Rd1 exd4 12. Nxd4 N7b6 13. Nxd6 Qxd6 14. e4 Nb4 15. Qe2 Rd8 16. Bg5 f6 17. Nxc6 Qxd1+ 18. Rxd1 Rxd1+ 19. Qxd1 Nxc6 20. Qb3+ Kh8 21. Be3 h6 22. f4 Bg4 23. Qf7 Rd8 24. h3 Bc8 25. g4 Nd4 26. e5 Rd7 27. Qe8+ Kh7 28. Be4+ 1-0

[Event "Olympiad-45"]
[Site "Budapest"]
[Date "2024.09.16"]
[Round "6.33"]
[White "Munoz Sanchez, Miguel Angel"]
[Black "Hovhannisyan, Mher"]
[Result "1/2-1/2"]
[WhiteElo "2181"]
[BlackElo "2414"]
[PlyCount "106"]
[EventDate "2024.09.11"]
[EventType "team-swiss"]
[EventRounds "11"]
[EventCountry "HUN"]
[SourceTitle "EXT 2025"]
[Source "ChessBase"]
[SourceDate "2024.10.14"]
[SourceVersion "1"]
[SourceVersionDate "2024.10.14"]
[SourceQuality "1"]
[WhiteTeam "Ecuador"]
[BlackTeam "Belgium"]
[WhiteTeamCountry "ECU"]
[BlackTeamCountry "BEL"]

1. e4 e6 2. Qe2 Be7 3. Nf3 d5 4. d3 Nf6 5. g3 b5 6. Bg2 Bb7 7. e5 Nfd7 8. 0-0 c5 9. h4 Nc6 10. Bf4 h6 11. h5 b4 12. c3 bxc3 13. bxc3 Ba6 14. Nbd2 Nb6 15. Rfd1 Na4 16. Rdc1 Nb2 17. Ne1 c4 18. Qg4 Kf8 19. Rab1 Rb8 20. d4 Kg8 21. Be3 Ba3 22. Nc2 Bf8 23. f4 Na4 24. f5 Rxb1 25. Nxb1 exf5 26. Qxf5 Bc8 27. Qf2 Be6 28. Ne1 Be7 29. Bf3 Nb6 30. Ng2 Qd7 31. Rf1 Bg5 32. Bd1 Ne7 33. Bc2 Bxe3 34. Nxe3 Nc6 35. Qf4 Qe7 36. Nd2 Qg5 37. Nf3 Qxh5 38. Nf5 g5 39. Qe3 Qh3 40. Nh2 Nc8 41. Rf3 g4 42. Rf4 N8e7 43. Rxg4+ Kf8 44. Nxe7 Nxe7 45. Rh4 Nf5 46. Bxf5 Qxf5 47. Rxh6 Qb1+ 48. Nf1 Rxh6 49. Qxh6+ Ke8 50. Qh8+ Kd7 51. Qa8 Qxa2 52. Qb7+ Ke8 53. Qb8+ Kd7 1/2-1/2

[Event "Olympiad-45"]
[Site "Budapest"]
[Date "2024.09.15"]
[Round "5.57"]
[White "Van Delden, Johan"]
[Black "Munoz Sanchez, Miguel Angel"]
[Result "0-1"]
[WhiteElo "1909"]
[BlackElo "2181"]
[PlyCount "70"]
[EventDate "2024.09.11"]
[EventType "team-swiss"]
[EventRounds "11"]
[EventCountry "HUN"]
[SourceTitle "EXT 2025"]
[Source "ChessBase"]
[SourceDate "2024.10.14"]
[SourceVersion "1"]
[SourceVersionDate "2024.10.14"]
[SourceQuality "1"]
[WhiteTeam "Netherlands Antilles"]
[BlackTeam "Ecuador"]
[WhiteTeamCountry "AHO"]
[BlackTeamCountry "ECU"]

1. e4 c5 2. Nf3 a6 3. d4 cxd4 4. Nxd4 Nf6 5. Bd3 e5 6. Nb3 d5 7. exd5 Nxd5 8. a3 Nc6 9. 0-0 Be6 10. Re1 Be7 11. N1d2 0-0 12. Nf3 Qc7 13. Ng5 Bxg5 14. Bxg5 f6 15. Bd2 Rad8 16. Qf3 Nde7 17. Rad1 Nd4 18. Nxd4 Rxd4 19. h3 Rfd8 20. Be3 R4d7 21. Qh5 g6 22. Qh4 Nd5 23. Bc1 Bf7 24. Qg4 Ne7 25. Qh4 Qc6 26. Bd2 Rd4 27. Re4 Nf5 28. Qg4 h5 29. Qe2 Bd5 30. Rxd4 Nxd4 31. Qf1 e4 32. Be2 Qxc2 33. b4 Bb3 34. Rc1 Nxe2+ 35. Qxe2 Qxd2 0-1

[Event "Titled Tuesday intern op 30th Jul Early"]
[Site "Chess.com INT"]
[Date "2024.07.30"]
[Round "3"]
[White "Liyanage, Ranindu Dilshan"]
[Black "Munoz Sanchez, Miguel Angel"]
[Result "1/2-1/2"]
[WhiteElo "2370"]
[BlackElo "2187"]
[PlyCount "170"]
[EventDate "2024.07.30"]
[EventType "swiss (blitz)"]
[EventRounds "11"]
[EventCountry "USA"]
[SourceTitle "EXT 2025"]
[Source "ChessBase"]
[SourceDate "2024.10.14"]
[SourceVersion "1"]
[SourceVersionDate "2024.10.14"]
[SourceQuality "1"]

1. Nf3 Nf6 2. b3 d6 3. Bb2 e5 4. g3 g6 5. Bg2 Bg7 6. 0-0 0-0 7. c4 Nbd7 8. Nc3 c6 9. d4 e4 10. Ne1 Qe7 11. d5 Re8 12. Nc2 c5 13. Ne3 a6 14. a4 Ne5 15. Qc2 Neg4 16. Nxg4 Bxg4 17. Nd1 Bd7 18. Ne3 Ng4 19. Bxg7 Kxg7 20. Nxg4 Bxg4 21. Rae1 e3 22. f3 Bf5 23. Qc3+ Qe5 24. Rc1 f6 25. Rfd1 h5 26. f4 Qxc3 27. Rxc3 Re7 28. h3 a5 29. Kh2 g5 30. fxg5 fxg5 31. Rf1 Kg6 32. Bf3 Rf8 33. Kg2 Rf6 34. Bxh5+ Kxh5 35. g4+ Kg6 36. gxf5+ Rxf5 37. Rxf5 Kxf5 38. Kf3 Rh7 39. Kg3 Re7 40. Rd3 Re4 41. Rd1 Ke5 42. Kf3 Rh4 43. Kg3 Ke4 44. Rf1 Kd4 45. Rf5 Kc3 46. Rxg5 Rh8 47. Rg6 Kxb3 48. Rxd6 Kxc4 49. Rd7 Kc3 50. Rxb7 c4 51. d6 Rd8 52. d7 Kd2 53. Kf3 Rf8+ 54. Ke4 Kxe2 55. Rb2+ Kd1 56. Kxe3 c3 57. Rh2 Rd8 58. Kd3 Rxd7+ 59. Kxc3 Rh7 60. h4 Rh5 61. Kc4 Kc1 62. Kd4 Kd1 63. Ke4 Ke1 64. Kf4 Kf1 65. Kg4 Rd5 66. Ra2 Rd4+ 67. Kg5 Rd5+ 68. Kf6 Rh5 69. Ke6 Rxh4 70. Kd6 Rh5 71. Kc6 Ke1 72. Kb6 Kd1 73. Rb2 Kc1 74. Rb5 Rh6+ 75. Kxa5 Kc2 76. Rb4 Kc3 77. Rg4 Rh5+ 78. Kb6 Rh6+ 79. Kb5 Rh5+ 80. Kc6 Rh6+ 81. Kd5 Rh5+ 82. Ke6 Ra5 83. Kd6 Kb3 84. Kc6 Rxa4 85. Rxa4 Kxa4 1/2-1/2

[Event "Titled Tuesday intern op 30th Jul Early"]
[Site "Chess.com INT"]
[Date "2024.07.30"]
[Round "2"]
[White "Munoz Sanchez, Miguel Angel"]
[Black "Chylewski, Patryk"]
[Result "1-0"]
[WhiteElo "2187"]
[BlackElo "2284"]
[PlyCount "209"]
[EventDate "2024.07.30"]
[EventType "swiss (blitz)"]
[EventRounds "11"]
[EventCountry "USA"]
[SourceTitle "EXT 2025"]
[Source "ChessBase"]
[SourceDate "2024.10.14"]
[SourceVersion "1"]
[SourceVersionDate "2024.10.14"]
[SourceQuality "1"]

1. Nf3 g6 2. d4 Bg7 3. g3 Nf6 4. Bg2 0-0 5. 0-0 d6 6. c4 Nc6 7. Nc3 e5 8. dxe5 dxe5 9. Bg5 Be6 10. Nd5 e4 11. Nd2 Bxd5 12. cxd5 Qxd5 13. Bxf6 Bxf6 14. Nxe4 Qe5 15. Nxf6+ Qxf6 16. Qb3 Rab8 17. Bxc6 Qxc6 18. Rac1 Qd7 19. Rfd1 Qe7 20. Qc4 c6 21. Rc3 Rfd8 22. Rcd3 Rxd3 23. Qxd3 Re8 24. e3 Qe6 25. b3 h5 26. Qd7 Qe7 27. Qxe7 Rxe7 28. Rd6 Kg7 29. h4 Rc7 30. Kf1 Kf8 31. Rd8+ Ke7 32. Ra8 b6 33. Ke2 c5 34. f3 Ke6 35. Kd3 Kd5 36. Rd8+ Kc6 37. Rf8 Kb5 38. Kc3 Kc6 39. Rd8 Re7 40. e4 b5 41. Rc8+ Kb6 42. Kd3 Rd7+ 43. Kc3 a6 44. f4 Re7 45. e5 Rd7 46. Rf8 Re7 47. Rb8+ Kc6 48. Ra8 Kb7 49. Rf8 Kc6 50. Rc8+ Kb7 51. Rxc5 Rd7 52. b4 Rd1 53. Kc2 Rg1 54. Rc3 Rg2+ 55. Kb3 Rg1 56. Rd3 Kc6 57. a3 Rg2 58. Kc3 Kc7 59. Kd4 Kc6 60. Ke4 Kc7 61. Kf3 Ra2 62. g4 hxg4+ 63. Kxg4 Rg2+ 64. Kf3 Rh2 65. Kg3 Ra2 66. h5 gxh5 67. Kh4 Rh2+ 68. Kg5 h4 69. Kf6 Rf2 70. f5 Re2 71. Rh3 Re4 72. e6 fxe6 73. fxe6 Kd6 74. Rd3+ Kc7 75. e7 Re1 76. Rf3 Re2 77. Kf7 h3 78. Rxh3 Rf2+ 79. Kg7 Rg2+ 80. Kf8 Rf2+ 81. Ke8 Re2 82. Rc3+ Kd6 83. Kd8 Rxe7 84. Rd3+ Kc6 85. Kxe7 Kb6 86. Ke6 Kb7 87. Rd6 Ka7 88. Rc6 a5 89. Kd6 a4 90. Rc5 Kb7 91. Kd7 Ka6 92. Rc6+ Ka7 93. Kd6 Kb7 94. Rc5 Ka7 95. Kd5 Ka6 96. Kd6 Kb6 97. Kd7 Ka6 98. Kc6 Ka7 99. Rxb5 Ka6 100. Rb8 Ka7 101. Rb7+ Ka6 102. Rb5 Ka7 103. Ra5+ Kb8 104. Rxa4 Kc8 105. Ra8# 1-0

[Event "Titled Tuesday intern op 30th Jul Early"]
[Site "Chess.com INT"]
[Date "2024.07.30"]
[Round "1"]
[White "Munoz Sanchez, Miguel Angel"]
[Black "Schoorl, Rob"]
[Result "1-0"]
[WhiteElo "2187"]
[BlackElo "2340"]
[PlyCount "66"]
[EventDate "2024.07.30"]
[EventType "swiss (blitz)"]
[EventRounds "11"]
[EventCountry "USA"]
[SourceTitle "EXT 2025"]
[Source "ChessBase"]
[SourceDate "2024.10.14"]
[SourceVersion "1"]
[SourceVersionDate "2024.10.14"]
[SourceQuality "1"]

1. Nf3 Nf6 2. g3 g6 3. Bg2 Bg7 4. 0-0 0-0 5. d4 d6 6. c4 c6 7. Bd2 Ne4 8. Nc3 Nxd2 9. Qxd2 Bg4 10. h3 Bxf3 11. Bxf3 Qb6 12. e3 Nd7 13. Rad1 Rfd8 14. Bg2 e5 15. f4 exd4 16. exd4 Re8 17. f5 Qb4 18. b3 c5 19. fxg6 Bxd4+ 20. Qxd4 cxd4 21. gxf7+ Kh8 22. fxe8Q+ Rxe8 23. Nd5 Qc5 24. Rf7 Ne5 25. Rc7 Qa5 26. b4 Qa4 27. Rf1 Qc2 28. Nf6 Rf8 29. Be4 Nf3+ 30. Rxf3 Qc1+ 31. Kg2 Rxf6 32. Rxf6 Qd2+ 33. Rf2 Qc2 1-0

[Event "American Continental 18th"]
[Site "Medellin"]
[Date "2024.05.30"]
[Round "9"]
[White "Barrientos Chavarriaga, Sergio E"]
[Black "Munoz Sanchez, Miguel Angel"]
[Result "1-0"]
[WhiteElo "2425"]
[BlackElo "2194"]
[PlyCount "67"]
[EventDate "2024.05.24"]
[EventType "swiss"]
[EventRounds "11"]
[EventCountry "COL"]
[SourceTitle "CBM 220 Extra"]
[Source "ChessBase"]
[SourceDate "2024.07.31"]
[SourceVersion "1"]
[SourceVersionDate "2024.07.31"]
[SourceQuality "1"]

1. d4 Nf6 2. c4 d6 3. Nf3 g6 4. Nc3 Bf5 5. Nh4 Bd7 6. h3 Bg7 7. Nf3 c5 8. d5 Na6 9. e4 0-0 10. Bd3 Nc7 11. 0-0 a6 12. a4 b6 13. Re1 e5 14. dxe6 Nxe6 15. Be3 Bc6 16. Qd2 Nd7 17. Nd5 Ne5 18. Nxe5 dxe5 19. a5 b5 20. b4 Nd4 21. Bxd4 cxd4 22. Nb6 Ra7 23. cxb5 Bxb5 24. Bxb5 axb5 25. Qd3 f5 26. Qxb5 Qh4 27. Ra2 Kh8 28. Nd7 Rc8 29. exf5 e4 30. f6 Bh6 31. f7 Bg7 32. f8Q+ Bxf8 33. Nxf8 Rxf8 34. Qc5 1-0

[Event "American Continental Blitz 18th"]
[Site "Medellin"]
[Date "2024.05.29"]
[Round "9"]
[White "Campos Gomez, Manuel"]
[Black "Munoz Sanchez, Miguel Angel"]
[Result "1-0"]
[WhiteElo "2319"]
[BlackElo "2194"]
[PlyCount "61"]
[EventDate "2024.05.29"]
[EventType "swiss (blitz)"]
[EventRounds "9"]
[EventCountry "COL"]
[SourceTitle "CBM 220 Extra"]
[Source "ChessBase"]
[SourceDate "2024.07.31"]
[SourceVersion "1"]
[SourceVersionDate "2024.07.31"]
[SourceQuality "1"]

1. Nf3 Nf6 2. c4 c5 3. Nc3 Nc6 4. g3 g6 5. Bg2 Bg7 6. 0-0 0-0 7. d3 d6 8. a3 a5 9. Rb1 e5 10. Ne1 Be6 11. Nc2 d5 12. cxd5 Nxd5 13. Ne4 Qe7 14. Ng5 Rfd8 15. Nxe6 Qxe6 16. Ne3 Nxe3 17. Bxe3 b6 18. b4 axb4 19. axb4 cxb4 20. Bxc6 Qxc6 21. Rxb4 b5 22. Qb3 Rdc8 23. Rc1 Qd7 24. Rb1 h5 25. Rxb5 h4 26. Rb7 Qf5 27. Qd5 h3 28. f3 Rd8 29. Qb3 Rac8 30. g4 Qf6 31. Bg5 1-0

[Event "American Continental Blitz 18th"]
[Site "Medellin"]
[Date "2024.05.29"]
[Round "1"]
[White "Munoz Sanchez, Miguel Angel"]
[Black "Kaciusis, Daniel"]
[Result "1-0"]
[WhiteElo "2194"]
[BlackElo "1727"]
[PlyCount "67"]
[EventDate "2024.05.29"]
[EventType "swiss (blitz)"]
[EventRounds "9"]
[EventCountry "COL"]
[SourceTitle "CBM 220 Extra"]
[Source "ChessBase"]
[SourceDate "2024.07.31"]
[SourceVersion "1"]
[SourceVersionDate "2024.07.31"]
[SourceQuality "1"]

1. d4 d5 2. Nf3 c6 3. g3 Nf6 4. Bg2 e6 5. 0-0 Be7 6. c4 dxc4 7. Ne5 0-0 8. Nc3 Nbd7 9. Nxc4 b6 10. Bxc6 Rb8 11. Bf4 Ba6 12. Bxb8 Qxb8 13. Bb5 Bb7 14. Ne3 a6 15. Bd3 b5 16. Qc2 Rc8 17. Qb3 Nb6 18. Rac1 Nbd5 19. Ncxd5 Nxd5 20. Rxc8+ Qxc8 21. Qc2 Qa8 22. Nxd5 Bxd5 23. e4 Bb7 24. Rc1 g6 25. f3 Bg5 26. Re1 Bd8 27. Qc5 Qb8 28. Kg2 Ba8 29. Rc1 Bb7 30. d5 exd5 31. exd5 Qe5 32. Rc2 Bxd5 33. Be4 f5 34. Qxd5+ 1-0

[Event "American Continental 18th"]
[Site "Medellin"]
[Date "2024.05.27"]
[Round "5"]
[White "Dominguez Rincon, Miller Duvan"]
[Black "Munoz Sanchez, Miguel Angel"]
[Result "0-1"]
[WhiteElo "2003"]
[BlackElo "2194"]
[PlyCount "92"]
[EventDate "2024.05.24"]
[EventType "swiss"]
[EventRounds "11"]
[EventCountry "COL"]
[SourceTitle "CBM 220 Extra"]
[Source "ChessBase"]
[SourceDate "2024.07.31"]
[SourceVersion "1"]
[SourceVersionDate "2024.07.31"]
[SourceQuality "1"]

1. e4 c5 2. Nf3 e6 3. d4 cxd4 4. Nxd4 Nf6 5. Nc3 d6 6. Be2 a6 7. 0-0 b5 8. Bf3 e5 9. Nb3 Be6 10. a4 b4 11. Nd5 Nxd5 12. exd5 Bf5 13. Bg4 Bxg4 14. Qxg4 a5 15. Re1 h5 16. Qg3 h4 17. Qg4 h3 18. g3 Qd7 19. Qc4 Be7 20. f4 Qg4 21. Qb5+ Nd7 22. Qe2 Qxe2 23. Rxe2 f5 24. Be3 Kf7 25. Rd1 Rhc8 26. fxe5 dxe5 27. d6 Bd8 28. Rd5 Ke6 29. Red2 Rc4 30. Kf1 Rac8 31. Na1 Re4 32. Kf2 g5 33. Rb5 g4 34. Nb3 f4 35. Ba7 Rec4 36. gxf4 Bh4+ 37. Kg1 Rxf4 38. Nc5+ Nxc5 39. Bxc5 Rcf8 40. Rd1 Bf2+ 41. Bxf2 Rxf2 42. d7 Rg2+ 43. Kh1 Rd2 44. Re1 Kxd7 45. Rbxe5 Rxc2 46. Rxa5 Rff2 0-1

[Event "American Continental 18th"]
[Site "Medellin"]
[Date "2024.05.24"]
[Round "1"]
[White "Orrego Sucerquia, Tatiana"]
[Black "Munoz Sanchez, Miguel Angel"]
[Result "0-1"]
[WhiteElo "1777"]
[BlackElo "2194"]
[PlyCount "100"]
[EventDate "2024.05.24"]
[EventType "swiss"]
[EventRounds "11"]
[EventCountry "COL"]
[SourceTitle "CBM 220 Extra"]
[Source "ChessBase"]
[SourceDate "2024.07.31"]
[SourceVersion "1"]
[SourceVersionDate "2024.07.31"]
[SourceQuality "1"]

1. d4 Nf6 2. c4 e5 3. Nc3 exd4 4. Qxd4 Nc6 5. Qd1 Bc5 6. Nf3 h6 7. Bf4 d6 8. h3 Bf5 9. e3 0-0 10. Bd3 Qd7 11. 0-0 a6 12. Re1 Rfe8 13. a3 Ne5 14. Be2 Ng6 15. Bh2 Ba7 16. Nd4 Bxd4 17. exd4 Nf8 18. Bf3 Rxe1+ 19. Qxe1 Re8 20. Qd2 Ne4 21. Nxe4 Bxe4 22. Bxe4 Rxe4 23. Qd3 Qe6 24. Kf1 Qg6 25. Qc3 Qf6 26. Rd1 Ne6 27. Bg1 Rxd4 28. Rxd4 Qxd4 29. Qxd4 Nxd4 30. f3 Ne6 31. Ke2 Nf4+ 32. Kf1 f5 33. Be3 Nd3 34. Bd4 Kf7 35. Ke2 Nf4+ 36. Kf2 g6 37. h4 h5 38. g3 Ne6 39. Bc3 c6 40. Ke3 Ke7 41. f4 Nc5 42. b4 Ne4 43. Be1 b5 44. cxb5 axb5 45. Kd4 Ke6 46. Ke3 Kd5 47. Kd3 c5 48. bxc5 dxc5 49. Kc2 Kc4 50. Kb2 Kd3 0-1

[Event "Titled Tuesday intern op 14th May Late"]
[Site "Chess.com INT"]
[Date "2024.05.14"]
[Round "5"]
[White "Munoz Sanchez, Miguel Angel"]
[Black "Howell, David"]
[Result "0-1"]
[WhiteElo "2196"]
[BlackElo "2675"]
[PlyCount "42"]
[EventDate "2024.05.14"]
[EventType "swiss (blitz)"]
[EventRounds "11"]
[EventCountry "USA"]
[SourceTitle "CBM 220 Extra"]
[Source "ChessBase"]
[SourceDate "2024.07.31"]
[SourceVersion "1"]
[SourceVersionDate "2024.07.31"]
[SourceQuality "1"]

1. Nf3 f5 2. d4 Nf6 3. c4 e6 4. e3 b6 5. Nc3 Bb7 6. Bd3 Bb4 7. Qc2 0-0 8. Bd2 d6 9. a3 Bxc3 10. Bxc3 Nbd7 11. d5 Nc5 12. dxe6 Nxd3+ 13. Qxd3 Ne4 14. Qd4 Qe7 15. 0-0-0 Nxf2 16. Nh4 Be4 17. Rhf1 Nxd1 18. Kxd1 c5 19. Nxf5 Bxf5 20. Qd2 Bg4+ 21. Kc2 Rxf1 0-1

[Event "Titled Tuesday intern op 14th May Late"]
[Site "Chess.com INT"]
[Date "2024.05.14"]
[Round "9"]
[White "Munoz Sanchez, Miguel Angel"]
[Black "Lutz, Igor Oscar"]
[Result "0-1"]
[WhiteElo "2196"]
[BlackElo "1970"]
[PlyCount "86"]
[EventDate "2024.05.14"]
[EventType "swiss (blitz)"]
[EventRounds "11"]
[EventCountry "USA"]
[SourceTitle "CBM 220 Extra"]
[Source "ChessBase"]
[SourceDate "2024.07.31"]
[SourceVersion "1"]
[SourceVersionDate "2024.07.31"]
[SourceQuality "1"]

1. Nf3 c5 2. e4 Nc6 3. c3 Nf6 4. Bd3 d6 5. Bc2 e5 6. 0-0 Bg4 7. h3 Bxf3 8. Qxf3 Be7 9. d3 0-0 10. Bb3 Qd7 11. Be3 a6 12. Nd2 b5 13. Bd5 Nxd5 14. exd5 Nd8 15. Ne4 f5 16. Ng5 Bxg5 17. Bxg5 Nf7 18. Bd2 Rae8 19. b3 f4 20. a4 Ng5 21. Qh5 Qf5 22. Rfd1 g6 23. Qe2 f3 24. Qf1 fxg2 25. Qxg2 Nxh3+ 26. Kh2 Qxf2 27. Rf1 Qxg2+ 28. Kxg2 Nf4+ 29. Bxf4 exf4 30. Kf3 Re3+ 31. Kg4 Rxd3 32. Rf2 Rxc3 33. Rb1 h5+ 34. Kh4 Kg7 35. axb5 axb5 36. b4 c4 37. Rbf1 f3 38. Kg3 g5 39. Rxf3 Rcxf3+ 40. Rxf3 Rxf3+ 41. Kxf3 Kf6 42. Kg3 Ke5 43. Kf3 Kxd5 0-1

[Event "Cuenca Crespi Memorial"]
[Site "Cuenca"]
[Date "2024.04.25"]
[Round "3"]
[White "Astaiza Noguera, Alejandro Matius"]
[Black "Munoz Sanchez, Miguel Angel"]
[Result "0-1"]
[WhiteElo "1497"]
[BlackElo "2202"]
[PlyCount "64"]
[EventDate "2024.04.24"]
[EventType "swiss"]
[EventRounds "9"]
[EventCountry "ECU"]
[SourceTitle "EXT 2025"]
[Source "ChessBase"]
[SourceDate "2024.10.14"]
[SourceVersion "1"]
[SourceVersionDate "2024.10.14"]
[SourceQuality "1"]

1. e4 c5 2. Nf3 a6 3. d3 Nc6 4. Be2 g6 5. Nc3 Bg7 6. Bd2 b5 7. Rb1 e6 8. 0-0 Nge7 9. Re1 0-0 10. Qc1 Nd4 11. Bh6 Bb7 12. Nxd4 cxd4 13. Bxg7 Kxg7 14. Nd1 f5 15. f3 Rc8 16. Nf2 Qc7 17. Bd1 f4 18. Qd2 Nc6 19. a3 g5 20. Rc1 Ne5 21. Be2 d6 22. h3 h5 23. b4 Qc3 24. Qxc3 Rxc3 25. Rf1 Rfc8 26. Bd1 Nxd3 27. Nxd3 Rxd3 28. cxd3 Rxc1 29. Be2 Rc2 30. Kf2 Kf6 31. Ra1 Bc6 32. Kf1 d5 0-1

[Event "Titled Tuesday intern op 02nd Jan Early"]
[Site "Chess.com INT"]
[Date "2024.01.02"]
[Round "5"]
[White "Lehtosaari, Mauri"]
[Black "Munoz Sanchez, Miguel Angel"]
[Result "1-0"]
[WhiteElo "2145"]
[BlackElo "2202"]
[PlyCount "101"]
[EventDate "2024.01.02"]
[EventType "swiss (blitz)"]
[EventRounds "11"]
[EventCountry "USA"]
[SourceTitle "EXT 2025"]
[Source "ChessBase"]
[SourceDate "2024.10.14"]
[SourceVersion "1"]
[SourceVersionDate "2024.10.14"]
[SourceQuality "1"]

1. d4 Nf6 2. c4 g6 3. Nc3 Bg7 4. Nf3 0-0 5. Bg5 d6 6. e3 c5 7. Be2 h6 8. Bh4 cxd4 9. Nxd4 Nc6 10. 0-0 Bd7 11. Rc1 Rc8 12. b3 Qa5 13. Bxf6 exf6 14. Nxc6 Bxc6 15. Bf3 f5 16. Nd5 Rfe8 17. a4 Qd8 18. g3 h5 19. h4 Bxd5 20. Bxd5 Qb6 21. Qd3 Re7 22. Rfd1 Rce8 23. Kg2 Bh6 24. Re1 Qc5 25. Rcd1 Kg7 26. Qd4+ Kg8 27. Bf3 Qb4 28. Qd3 Bg7 29. Re2 Be5 30. Bd5 Rc7 31. Rb1 a5 32. Qd2 Kg7 33. Qxb4 axb4 34. Rd1 Ra8 35. f4 Bf6 36. Bf3 Be7 37. Red2 Ra5 38. Rd5 Rxd5 39. Bxd5 b6 40. Ra1 Rc5 41. Kf3 Kf6 42. Bb7 Bd8 43. Rd1 Bc7 44. e4 fxe4+ 45. Bxe4 Ke7 46. Bd5 Kf6 47. Re1 Bd8 48. Re8 Be7 49. Rh8 Kg7 50. Rb8 Bf6 51. Rxb6 1-0

[Event "Titled Tuesday intern op 02nd Jan Early"]
[Site "Chess.com INT"]
[Date "2024.01.02"]
[Round "9"]
[White "Schuh, Karsten"]
[Black "Munoz Sanchez, Miguel Angel"]
[Result "0-1"]
[WhiteElo "2125"]
[BlackElo "2202"]
[PlyCount "70"]
[EventDate "2024.01.02"]
[EventType "swiss (blitz)"]
[EventRounds "11"]
[EventCountry "USA"]
[SourceTitle "EXT 2025"]
[Source "ChessBase"]
[SourceDate "2024.10.14"]
[SourceVersion "1"]
[SourceVersionDate "2024.10.14"]
[SourceQuality "1"]

1. Nf3 Nf6 2. c4 g6 3. b4 Bg7 4. Bb2 0-0 5. g3 a5 6. b5 c5 7. bxc6 dxc6 8. Bg2 Nbd7 9. 0-0 Qc7 10. Nc3 Nc5 11. Ba3 Nfe4 12. Nxe4 Nxe4 13. Rc1 Rd8 14. Qc2 Bf5 15. d3 Nd6 16. Bb2 a4 17. Bxg7 Kxg7 18. Qb2+ Kg8 19. Nd4 Bc8 20. Rb1 Ra5 21. Rfd1 a3 22. Qc3 Ra6 23. Nb3 b6 24. c5 Nb5 25. Qc2 Be6 26. cxb6 Rxb6 27. e3 Bd5 28. Bxd5 Rxd5 29. d4 e5 30. dxe5 Qxe5 31. Rxd5 cxd5 32. Rd1 Nc3 33. Rd3 Ne4 34. Kg2 Kg7 35. f3 Qb2 0-1

[Event "Titled Tuesday intern op 19th Dec Late"]
[Site "Chess.com INT"]
[Date "2023.12.19"]
[Round "5"]
[White "Munoz Sanchez, Miguel Angel"]
[Black "De Souza, Arthur Olintho"]
[Result "1-0"]
[WhiteElo "2202"]
[BlackElo "2113"]
[PlyCount "57"]
[EventDate "2023.12.19"]
[EventType "swiss (blitz)"]
[EventRounds "11"]
[EventCountry "USA"]
[SourceTitle "EXT 2025"]
[Source "ChessBase"]
[SourceDate "2024.10.14"]
[SourceVersion "1"]
[SourceVersionDate "2024.10.14"]
[SourceQuality "1"]

1. d4 Nf6 2. Nf3 g6 3. g3 Bg7 4. Bg2 0-0 5. 0-0 d6 6. c4 Nbd7 7. Nc3 e5 8. e4 exd4 9. Nxd4 Re8 10. Re1 a6 11. b3 Qe7 12. Bb2 Nc5 13. Nd5 Nxd5 14. exd5 Qd8 15. Qd2 Nd7 16. h4 Ne5 17. h5 Bg4 18. h6 Bh8 19. f3 Bd7 20. Re2 Qf6 21. Rae1 Red8 22. Ba1 g5 23. f4 gxf4 24. gxf4 Ng4 25. Ne6 Qxh6 26. Nxd8 Qh2+ 27. Kf1 Qg3 28. Re8+ Bxe8 29. Rxe8# 1-0

[Event "Titled Tuesday intern op 19th Dec Late"]
[Site "Chess.com INT"]
[Date "2023.12.19"]
[Round "10"]
[White "Munoz Sanchez, Miguel Angel"]
[Black "Gryshko, Vitalii"]
[Result "0-1"]
[WhiteElo "2202"]
[BlackElo "2272"]
[PlyCount "62"]
[EventDate "2023.12.19"]
[EventType "swiss (blitz)"]
[EventRounds "11"]
[EventCountry "USA"]
[SourceTitle "EXT 2025"]
[Source "ChessBase"]
[SourceDate "2024.10.14"]
[SourceVersion "1"]
[SourceVersionDate "2024.10.14"]
[SourceQuality "1"]

1. e4 e5 2. Nf3 Nc6 3. d4 exd4 4. Bc4 d6 5. Nxd4 Ne5 6. Bb3 Nf6 7. 0-0 Be7 8. Re1 0-0 9. c3 c5 10. Nf5 Bxf5 11. exf5 c4 12. Bc2 Nc6 13. Nd2 d5 14. Nf3 h6 15. Bf4 Bc5 16. Nd4 Qb6 17. Be3 Bxd4 18. cxd4 Qxb2 19. Rb1 Qxa2 20. Rxb7 Rab8 21. Rc7 Rfc8 22. Bf4 Rxc7 23. Bxc7 Rc8 24. Bf4 Nb4 25. Bb1 Qb3 26. Qd2 c3 27. Qe3 Re8 28. Qxe8+ Nxe8 29. Rxe8+ Kh7 30. Re1 c2 31. Bxc2 Nxc2 0-1